Desarrollar habilidades en el área de ingeniería de manufactura de empresas dedicadas a la producción de dispositivos médicos
Збережено в:
| Автор: | |
|---|---|
| Інші автори: | |
| Формат: | Книга |
| Опубліковано: |
San José, Costa Rica
2014
|
| Предмети: | |
| Теги: |
Додати тег
Немає тегів, Будьте першим, хто поставить тег для цього запису!
|
MARC
| LEADER | 00000nam a22000007a 4500 | ||
|---|---|---|---|
| 003 | 012104 | ||
| 005 | 20230629153048.0 | ||
| 008 | 150216b2014 c a|||| |||| 00| 0 s d | ||
| 040 | |c cru CEDI | ||
| 100 | |a Lizano Chaves, María Fernanda,1989- |9 869 | ||
| 245 | |a Desarrollar habilidades en el área de ingeniería de manufactura de empresas dedicadas a la producción de dispositivos médicos | ||
| 260 | |a San José, Costa Rica |c 2014 | ||
| 500 | |a Proyecto de graduación (licenciatura en ingeniería química)--Universidad de Costa Rica. Facultad de Ingeniería. Escuela de Ingeniería Química | ||
| 501 | |a Director de Práctica Dirigida de Graduación: Ing. Erick Solano Carmona | ||
| 650 | |x INGENIERIA DE LA PRODUCCION - CONTROL DE CALIDAD |x INGENIERIA DE LA PRODUCCION |x CONTROL DE LA PRODUCCION - METODOLOGIA |x PROCESOS DE MANUFACTURA |x TECNOLOGIA MEDICA - FABRICACION |x PROCESOS DE MANUFACTURA - EVALUACION |x INGENIERIA DE LA PRODUCCION - CONTROL DE COSTOS | ||
| 700 | |9 870 |a Solano Carmona, Erick, 1980- |d Director del TFG | ||
| 942 | |c CEDI |h TFG 7270 |6 TFG_7270_000000000000000 | ||
| 999 | |c 13370 |d 13370 | ||
